| 000 | 00341nam a22001457a 4500 | ||
|---|---|---|---|
| 008 | 250417b ||||| |||| 00| 0 eng d | ||
| 020 | _a9789951058452 | ||
| 041 | _aSHQIP | ||
| 080 |
_22024 _a82MIL |
||
| 082 |
_282MIL _a82MIL |
||
| 100 | _a01 | ||
| 101 | _aGJUHE SHQIPE | ||
| 245 |
_aLUGINA E LUMIT ISSA _cCZESTAW MILOSZ |
||
| 942 |
_2udc _cBK |
||
| 999 |
_c60665 _d60665 |
||